Normal view
MARC view
Entry Topical Term
001 - CONTROL NUMBER
- control field: 142831
003 - CONTROL NUMBER IDENTIFIER
- control field: OSt
005 - DATE AND TIME OF LATEST TRANSACTION
- control field: 20231122094732.0
008 - FIXED-LENGTH DATA ELEMENTS
- fixed length control field: 231122|| aca||aabn | a|a d
040 ## - CATALOGING SOURCE
- Original cataloging agency: OSt
- Transcribing agency: OSt
150 ## - HEADING--TOPICAL TERM
- Topical term or geographic name entry element: Christian Leader
670 ## - SOURCE DATA FOUND
- Source citation: Work cat.: (OSt): Edmund J B Frank 142830, Pride of Kanara True Son of Indi:, 2023